The history of Ophelia : Published by the author of David Simple. In two volumes. ...

Bibliographic Details
Main Author: Fielding, Sarah, 1710-1768
Format: eBook
Language:English
Edition:The second edition, with additions.
Series:Eighteenth century collections online.
Online Access:Full text online

MARC

Tag First Indicator Second Indicator Subfields
LEADER 00000cam a2200000 4500
001 in00001925786
006 m | d |
007 cr |n||||||||n
008 820210s1763 ie |||| s 00||||eng d
005 20260406211252.7
035 |a (CStRLIN)ESTCT134299 
040 |a Uk-ES  |c Uk-ES  |d CStRLIN  |d Thomson Gale  |d UtOrBLW 
100 1 |a Fielding, Sarah,  |d 1710-1768. 
245 1 4 |a The history of Ophelia :  |b Published by the author of David Simple. In two volumes. ... 
250 |a The second edition, with additions. 
264 3 |a Dublin :  |b printed by James Hoey, Junior,  |c 1763. 
300 |a 2 volumes(337, 23 unnumbered pages) ;  |c 12⁰. 
336 |a text  |b txt  |2 rdacontent 
337 |a computer  |b c  |2 rdamedia 
338 |a online resource  |b cr  |2 rdacarrier 
500 |a The author of David Simple = Sarah Fielding. 
500 |a With 23 final advertisement pages. 
500 |a Reproduction of original from the British Library. 
510 4 |a English Short Title Catalog,  |c ESTCT134299. 
533 |a Electronic reproduction.  |b Farmington Hills, Mich. :  |c Thomson Gale,  |d 2003.  |n Available via the World Wide Web.  |n Access limited by licensing agreements  |7 s2003 miunns 
500 |a Electronic resource. 
830 0 |a Eighteenth century collections online. 
856 4 0 |u http://proxy.library.tamu.edu/login?url=https://galenet.galegroup.com/servlet/ECCO?c=1&stp=Author&ste=11&af=BN&ae=T134299&tiPG=1&dd=0&dc=flc&docNum=CW113159649&vrsn=1.0&srchtp=a&d4=0.33&n=10&SU=0LRK&locID=txshracd2898  |z Full text online  |t 0 
999 |a MARS 
999 f f |s fd1e05c6-2467-304b-86f9-0e45d1a8b808  |i 004cfe95-e9d2-3d48-98e5-f63bba0949e4  |t 0 
952 f f |a Texas A&M University  |b College Station  |c Electronic Resources  |s www_evans  |d Available Online  |t 0  |h No information provided 
998 f f |t 0  |l Available Online